000 00995cam a2200277 4500
999 _c130174
_d130174
001 1338832
003 ARRUPE
005 20200122102716.0
008 691015s1969 nyuabch b 001 0 eng
010 _a 79077594
040 _aDLC
_cDLC
_dDLC
050 0 0 _aDA521
_b.P7 1971
082 0 0 _a942.07/3
100 1 _aPriestley, J. B.
_q(John Boynton),
_d1894-1984.
_949026
245 1 4 _aThe Prince of Pleasure and his Regency, 1811-20
_c[by] J. B. Priestley.
260 _aLondon,
_bSphere Books
_c1971
300 _a304 p.
_billus. (part col.), facsims., map, ports. (part col.)
_c26 cm.
350 _a15.00
504 _aBibliography: p. 294-296.
650 0 _aRegency
_zGreat Britain.
_948973
651 0 _aGreat Britain
_xHistory
_yGeorge III, 1760-1820.
_949027
651 0 _aGreat Britain
_xHistory
_yGeorge IV, 1820-1830.
_949028
651 0 _aGreat Britain
_xSocial life and customs
_y19th century.
_949029
906 _a7
_bcbc
_corignew
_du
_encip
_f19
_gy-gencatlg
942 _2lcc
_cMONOGRAPH